Detalles MARC
| 000 -CABECERA |
| Longitud fija campo de control |
01370cam a2200325 a 4500 |
| 003 - • IDENTIFICADOR DELl NÚMERO DE CONTROL |
| Identificador del número de control |
CO-BoRNBP |
| 005 - • FECHA Y HORA DE LA ÚLTIMA TRANSACCIÓN |
| Fecha y hora de la última transacción |
20230331125804.0 |
| 007 - • CAMPO FIJO DE DESCRIPCIÓN FÍSICA |
| Campo fijo de descripción física |
ta |
| 008 - • CÓDIGOS DE INFORMACIÓN DE LONGITUD FIJA |
| Códigos de información de longitud fija |
150305s2014 ck ao gr f000 0 spa |
| 020 ## - • NÚMERO INTERNACIONAL NORMALIZADO PARA LIBROS |
| Número Internacional Normalizado para Libros (ISBN) |
9789587531602 |
| 040 ## - FUENTE DE LA CATALOGACIÓN |
| Centro catalogador de origen |
CO-BoRNBP |
| Lengua de catalogación |
spa |
| Normas de descripción |
rda |
| Centro transcriptor |
CO-BoRNBP |
| 041 1# - • CÓDIGO DE LENGUA |
| Código de lengua del texto/banda sonora o título independiente |
spa |
| -- |
eng |
| 082 04 - • NÚMERO DE LA CLASIFICACIÓN DECIMAL DEWEY |
| Número de clasificación (R) |
782.41 |
| Número del ítem |
V34s |
| 100 1# - • PUNTO DE ACCESO PRINCIPAL-NOMBRE DE PERSONA |
| Nombre de persona |
Viloria Garcés, Sandra M. |
| 245 10 - • TITULO PROPIAMENTE DICHO |
| Título |
Show me your motion!! : |
| Resto del título |
cartilla de iniciación en músicas populares tradicionales del Archipiélago de San Andrés, Providencia y Santa Catalina - Colombia = initiation manual for the traditional popular music of the Archipelafo of San Andres, Providence and Santa Catalina Islands - Colombia / |
| Mención de responsabilidad, etc. |
Sandra M. Viloria Garcés, Kathryn Newball Cardozo, Marlon Acosta Pomare |
| 250 ## - • MENCIÓN DE EDICIÓN |
| Mención de edición |
1a. ed. = |
| Resto de la mención de edición |
1st ed. |
| 264 ## - PRODUCCIÓN, PUBLICACIÓN , DISTRIBUCIÓN, FABRICACIÓN Y COPYRIGHT |
| Lugar de producción, publicación, distribución, fabricación |
Bogotá : |
| Nombre del productor, editor, distribuidor, fabricante |
Ministerio de Cultura, |
| Fecha de de producción, publicación, distribución, fabricación o copyright |
2014 |
| 300 ## - • DESCRIPCIÓN FÍSICA |
| Extensión |
115 p. : |
| Otras características físicas |
il., fot. ; |
| Dimensiones |
28 cm |
| 336 ## - TIPO DE CONTENIDO |
| Término de tipo de contenido |
texto |
| Código de tipo de contenido |
txt |
| Fuente |
rdacontent |
| 337 ## - TIPO DE MEDIO |
| Nombre del tipo de medio |
sin mediación |
| Código del tipo de medio |
n |
| Fuente |
rdamedia |
| 338 ## - TIPO DE SOPORTE |
| Nombre del tipo de soporte |
volumen |
| Código del tipo de soporte |
nc |
| Fuente |
rdacarrier |
| 500 ## - • NOTA GENERAL |
| Nota general |
Acompañado de: 1 CD y 1 DVD |
| 504 ## - • NOTA DE BIBLIOGRAFÍA, ETC |
| Nota de bibliografía, etc. |
Bibliografía: p. 107 |
| 546 ## - • NOTA DEL IDIOMA |
| Nota de lengua |
Texto en español e inglés |
| 650 14 - • PUNTO DE ACCESO ADICIONAL DE MATERIA - TÉRMINO DE MATERIA |
| Término de materia o nombre geográfico como elemento inicial |
Música popular colombiana |
| Subdivisión de materia general |
Enseñanza |
| Subdivisión de forma |
Libros de texto |
| Fuente del encabezamiento o término |
LEMB |
| 700 1# - • PUNTO DE ACCESO ADICIONAL - NOMBRE DE PERSONA |
| Nombre de persona |
Newball Cardozo, Kathryn |
| 700 1# - • PUNTO DE ACCESO ADICIONAL - NOMBRE DE PERSONA |
| Nombre de persona |
Acosta Pomare, Marlon |
| 942 ## - ENTRADA DE ELEMENTOS AGREGADOS (KOHA) |
| Fuente de clasificaión o esquema |
Dewey Decimal Classification |
| Koha [por defecto] tipo de item |
LIbro |
| 990 ## - EQUIVALENCIA O SECCIÓN-REFERENCIA [LOCAL, CANADA] |
| Enlace de información para campos 9XX |
2015-1964 |
| Enlace de información para campo correspondiente a campo 9XX |
Ministerio de Cultura |